| 000 | 00538nam a22002177a 4500 | ||
|---|---|---|---|
| 003 | LK-CoDNM | ||
| 005 | 20250123141322.0 | ||
| 008 | 250123b |||||||| |||| 00| 0 eng d | ||
| 040 |
_aLK-CoDNM _dLK-CoDNM _eLK-CoDNM |
||
| 041 | _aeng | ||
| 080 |
_a13 _bE24 |
||
| 100 | _aBateson, W. | ||
| 245 | _aMendel's Principles of Heredity | ||
| 260 |
_aCambridge _bAt the university press _c1909 |
||
| 300 | _axiv, 396p. : ill ; 24 cm | ||
| 650 | _aAnimals | ||
| 650 | _aButterfly | ||
| 650 | _aRat | ||
| 650 | _aBirds | ||
| 942 | _cBK | ||
| 999 |
_c237343 _d237343 |
||